00463nam a2200181Ia 450000500170000000800410001702000100005804000190006804100120008708200170009910000170011624500660013325000120019926000310021130000110024265000180025385000100027120230324090119.0131103s9999 xx 000 0 und d cRs.25 aLoreto College aEnglish a891.442bMIT aMitra, Monaj aSmritisudha and bristir chayachabib two dramas cMonaj Mitra a1st ed. aCalcuttabOpera Pub.c1401 a109p.  aBengali drama aLCLIB